000 00685nam a2200181Ia 4500
008 100920s9999 xx 000 0 und d
082 _b30626
_a28 व 891 थ 75
100 _aवाळिंबे मोरेश्वर माधव.
245 _aसंत ज्ञानेश्वर.
260 _bइंद्रायणी साहित्य प्रकाशन पुणे 30.
_c1975
300 _a47
_bसाधी
365 _b2
520 _aबा.वि.लघुकथा.
630 _aसंत ज्ञानेश्वर.
650 _aबा.वि.लघुकथा.
730 _aसंत ज्ञानेश्वर.
942 _cBOOK
999 _c686028
_d686025